000 00487nam a2200181Ia 4500
008 100917s9999 xx 000 0 und d
082 _b49165
100 _aलागू चिंतामणी
245 _aव्हीनस
260 _bदिलीप प्रकाशन
_c1981
300 _a---
365 _b22
520 _aकादंबरी
630 _aव्हीनस
650 _aकादंबरी
730 _aव्हीनस
942 _cBOOK
999 _c654559
_d654556